Manual de prácticas de química organica / (Registro nro. 9529)

Detalles MARC
000 -LIDER
fixed length control field 00671nam a22002177a 4500
001 - NÚMERO DE CONTROL
Identificador de número de control 0002123
003 - IDENTIFICACDOR DE NÚMERO DE CONTROL
control field DO-SdBNP
005 - DATE AND TIME OF LATEST TRANSACTION
control field 20180320100923.0
007 - CAMPOS FIJOS DE DESCRIPCIÓN FÍSICA
fixed length control field 0002123
008 - ELEMENTOS DE LONGITUD FIJA
fixed length control field 160404b 1993 dr |||| |||| 00| 0 spa d
040 ## - FUENTE DE CATALOGACIÓN
Enlace BPMSU
Campo enlazado y núm. de secuencia spa
Agencia que crea de manera original el registro BPMSU
Agencia que realiza la transcripción dr
100 ## - ASIENTO PRINCIPAL -- NOMBRE PERSONAL
Término de relación Portorreal Morel, Mayra
245 ## - MENCIÓN DE TITULO
Título Manual de prácticas de química organica /
Mención de responsabilidad Mayra Portorreal Morel
260 ## - PUBLICACIÓN, DISTRIBUCIÓN, ETC. (PIE DE IMPRENTA)
Lugar de publicación, distribución, etc Santo Domingo :
Nombre del editor, distribuidor, etc. UNIBE
Fecha de publicación, distribución, etc 1993
300 ## - DESCRIPCIÓN FÍSICA
Extensión 42 p. ;
Otros detalles físicos il.,
Dimensiones 28 cm.
490 ## - MENCIÓN DE SERIES
Mención de serie Texttos universitarios
Volume/sequential designation 4
710 ## - ASIENTO SECUNDARIO -- NOMBRE CORPORATIVO
Término de relación Universidad Iberoamericana (República Dominicana)
830 ## - ASIENTO SECUNDARIO DE SERIE--TÍTULO UNIFORME
Nombre de la parte o sección de una obra Texttos universitarios
Volume number/sequential designation 4
942 ## - ADDED ENTRY ELEMENTS (KOHA)
Source of classification or shelving scheme Dewey Decimal Classification
Koha item type Libros
956 ## - LOCAL ELECTRONIC LOCATION AND ACCESS (OCLC)
Método de acceso VMATEO
Materiales especificados 10
Enlace 20160404
Campo enlazado y núm. de secuencia BPMSU
Nombre de host 0069
Existencias
Withdrawn status Lost status Source of classification or shelving scheme Damaged status Not for loan Home library Current library Date acquired Total Checkouts Barcode Date last seen Price effective from Koha item type
    Dewey Decimal Classification     Biblioteca Pública Metropolitana Salomé Ureña Biblioteca Pública Metropolitana Salomé Ureña 04/04/2016   BPMET16040071 04/04/2016 04/04/2016 Libros